[Event "World op"]
[Site "Philadelphia"]
[Date "1990.??.??"]
[Round "9"]
[White "Benjamin, Joel"]
[Black "Alburt, Lev O"]
[Result "1-0"]
[WhiteElo "2530"]
[BlackElo "2565"]
[PlyCount "73"]
[EventDate "1990.06.??"]

{COPYRIGHT WARNING: This game has been prepared by Chess Publishing Ltd for the exclusive private use of guest users, and may not be redistributed in any way without the prior written consent of Chess Publishing Ltd.}

1. e4 Nf6 2. e5 Nd5 3. d4 d6 4. Nf3 g6 5. Bc4 Nb6 6. Bb3 Bg7 7. a4 a5 8. Qe2
O-O 9. h3 Nc6 10. O-O Bf5 11. Nc3 Kh8 12. Bf4 Nb4 13. Rfe1 Qc8 14. Ne4 f6 15.
Bh2 fxe5 16. dxe5 Bxe4 17. Qxe4 d5 18. Qh4 e6 19. c3 Nd3 20. Re2 Qd8 21. Qd4
Rxf3 22. gxf3 Nc1 23. Rxc1 Qg5+ 24. Qg4 Qxc1+ 25. Kg2 Re8 26. Bf4 Qb1 27. Bc2
Qa2 28. b3 Qa3 29. h4 Qf8 30. h5 Bh6 31. Bxh6 Qxh6 32. hxg6 hxg6 33. Re1 Kg8
34. Rh1 Qg7 35. Bxg6 Re7 36. Rh7 Qf8 37. Qh4 1-0

[Event "South Wales 2nd"]
[Site "Newport"]
[Date "1999.01.12"]
[Round "3"]
[White "Cobb, Charles"]
[Black "Crouch, Colin S"]
[Result "1-0"]
[WhiteElo "2275"]
[BlackElo "2430"]
[PlyCount "81"]
[EventDate "1999.01.??"]
[Source "ChessBase"]
[SourceDate "1999.03.01"]

1. e4 Nf6 2. e5 Nd5 3. d4 d6 4. Nf3 c6 5. c4 Nc7 6. exd6 exd6 7. Be2 Be7 8. O-O
O-O 9. Nc3 Bg4 10. h3 Bh5 11. Be3 Nd7 12. Qd2 a6 13. Rfe1 b5 14. b3 Nf6 15. d5
c5 16. Qc2 bxc4 17. bxc4 Nd7 18. Rab1 Bxf3 19. Bxf3 Ne5 20. Be2 f5 21. f4 Ng6
22. Bd3 Bh4 23. Re2 Qf6 24. Rb7 Rac8 25. Kh2 Qf7 26. g3 Be7 27. Na4 Na8 28.
Bxc5 dxc5 29. d6 Rce8 30. dxe7 Rxe7 31. Rexe7 Nxe7 32. Nxc5 Rc8 33. Nxa6 Qf6
34. c5 Nc6 35. h4 Nd4 36. Qc4+ Kh8 37. Qf7 Nf3+ 38. Kh3 Qa1 39. Rb1 Ng1+ 40.
Kg2 Qc3 41. Qxf5 1-0